000 00684nam a2200193 a 4500
003 0
005 20250303141301.0
008 130827s19uu xx 00 eng d
050 _aPGS SF 411.35.H43
_b.K19 2013
100 _aKasahara, Mika.
245 _aHealth benefits of pet ownership /
_cMika Kasahara.
260 _aLas PiƱas City, Philippines :
_bSouthville International School and Colleges,
_c2013.
300 _a30 pages :
_billustrations ;
_c28 cm.
504 _aIncludes bibliographical references.
650 _aHuman-animal relationships
_vHealth aspects.
650 _aPets
_vHealth benefits.
650 _aPet ownership
_vPsychological aspects.
942 _2lcc
_cPASS
999 _c98975
_d98975